书目信息 |
| 题名: |
无机化学
|
|
| 作者: | 宋天佑 编 | |
| 分册: | 上册 | |
| 出版信息: | 北京 高等教育出版社 2019.06 |
|
| 页数: | 469页 | |
| 开本: | 23cm | |
| 丛书名: | ||
| 单 册: | ||
| 中图分类: | O61 | |
| 科图分类: | ||
| 主题词: | 无机化学--高等教育--教材 | |
| 电子资源: | ||
| ISBN: | 978-7-04-051719-4 | |
| 000 | 01005nam0 2200277 450 | |
| 001 | 2335433637 | |
| 005 | 20230625095331.11 | |
| 010 | @a978-7-04-051719-4@dCNY55.00 | |
| 090 | @aO61@bsty | |
| 096 | @aO61@bsty | |
| 100 | @a20190710d2019 em y0chiy50 ea | |
| 101 | 0 | @achi |
| 102 | @aCN@b110000 | |
| 105 | @ay z 001yy | |
| 200 | 1 | @a无机化学 @h上册 @f宋天佑等编@FSong Tian You Deng Bian@9wu ji hua xue |
| 205 | @a4版 | |
| 210 | @a北京@c高等教育出版社@d2019.06 | |
| 215 | @a469页@d23cm | |
| 300 | @a“十二五”普通高等教育本科国家级规划教材 普通高等教育精品教材 | |
| 304 | @a编者还有:程鹏、徐家宁、张丽荣 | |
| 330 | @a本书共分11章,内容包括:化学基础知识、化学热力学基础、化学反应速率、化学平衡、原子结构和元素周期律、分子结构和共价键理论、晶体结构、酸碱解离平衡、沉淀溶解平衡、氧化还原反应、配位化学基础。 | |
| 606 | 0 | @a无机化学@x高等教育@j教材 |
| 690 | @aO61@v5 | |
| 701 | 0 | @a宋天佑@f(1948~)@4编@9song tian you |
| 801 | 0 | @aCN@b河南城建学院图书馆@c20190710 |
| 905 | @dO61@eS7791=4 | |
| 无机化学 .上册 /宋天佑等编.-4版.-北京:高等教育出版社,2019.06 |
| 469页;23cm |
| “十二五”普通高等教育本科国家级规划教材 普通高等教育精品教材 |
| ISBN 978-7-04-051719-4:CNY55.00 |
| 本书共分11章,内容包括:化学基础知识、化学热力学基础、化学反应速率、化学平衡、原子结构和元素周期律、分子结构和共价键理论、晶体结构、酸碱解离平衡、沉淀溶解平衡、氧化还原反应、配位化学基础。 |
| ● |
| 相关链接 |
|
|
|
正题名:无机化学
索取号:O61/S7791=4
 
预约/预借
| 序号 | 登录号 | 条形码 | 馆藏地/架位号 | 状态 | 备注 |
| 1 | 1504454 | 215044547 | 自科库401/401自科库 91排1列3层/ [索取号:O61/S7791=4] | 在馆 |